000 00734cam a22002293a 4500
001 19881
003 PGUSA
005 20140828083424.0
008 061120s2006||||xxu|||||s|||||000 | eng d
040 _aPGUSA
_beng
042 _adc
050 4 _aNA
100 1 _aEley, C. King
245 1 0 _aBell's Cathedrals :
_bThe Cathedral Church of Carlisle : A Description of Its Fabric and A Brief History of the Episcopal See
_h[electronic resource] /
_cC. King Eley
260 _bProject Gutenberg,
_c2006
506 _aPublic domain in the USA.
516 _aElectronic text
653 _aCarlisle Cathedral (Carlisle, England)
830 0 _aProject Gutenberg
_v19881
856 4 0 _uhttp://www.gutenberg.org/ebooks/19881
942 _cEB
999 _c249136
_d249136